000 01370 aa a2200253 4500
005 20090911111420.0
008 081229t xxu||||| |||| 00| 0 hin d
010 _a B-357296
020 _a8170432820
_c150.00
035 _aB-357296
037 _bD.B.Act / Pub
082 _a503
100 _aशर्मा, विश्वमित्र
245 _aसचित्र नवीन विज्ञान विश्वकोशः
_cविश्वमित्र शर्मा
_bब्रह्माण्ड-पृथ्वी-महाद्वीप /
246 _aSachitra Naveen Vigyan Vishwa Kosh
_bby Vishwamitra Sharma
260 _a दिल्ली
_bआत्माराम एण्ड संस
_c2009
270 _a 1362, कश्मीरी गेट
_bदिल्ली
_e110006
_k011-23946466, 011-23973082
_matmaram_books@hotmail.com
300 _a76 पृ
_bसचित्र
_c24सेमी (सजिल्द)
650 _aScience
_xEncyclopedias, Juvenile
650 _aविज्ञान
_xविश्वकोश, बाल
650 _a
942 _adpl
_cCH
_2ddc
_mशर्मावि
_h503
999 _c30257
_d30257